000 00954nam a2200313Ia 4500
001 Z_6004
003 CHAP
008 220113s2005 xx 000 0 und d
010 _a169216
020 _a968-02-0264-X
040 _cCHAP
082 _a636.3 S57
245 _aLos sistemas de producción de pequeños rumiantes y camélidos sudamericanos en Iberoamérica /
_cEditores José Solís Ramírez y Víctor H. Parraguez Gamboa
260 _aMéxico :
_bPrograma Ibeoramericano de Ciencia y Tecnología,
_c2005
300 _avii, 224 p.
503 _aej.1:?
504 _aIncluye Bibliografía
650 _aPequeños Rumiantes
_9143673
650 _aSistemas de producción
_9106767
650 _aSudamérica
_9143674
700 _a Parraguez Gamboa, Víctor H., ed.
_9143675
700 _aSolís Ramírez, José, ed.
_9143676
901 _a636.3 S57
902 _aM
910 _a2005
942 _c1
942 _cc1
999 _c169216
_d169216